000
00310nam a22001217a 4500
008
160421b xxu||||| |||| 00| 0 eng d
020
_a
9780781745000
020
_a
0781745004
041
_a
eng
080
_a
618.2
245
_a
Medical surgical nursing ;
_c
Suzanne C. Smeltzer; Brenda G. Bare;
942
_2
udc
_c
BK
999
_c
1485
_d
1485